| 000 | 01245nam0a2200373 4500 | ||
|---|---|---|---|
| 001 | RU\NLR\BIBL_A\011664492 | ||
| 005 | 20180528132424.0 | ||
| 010 |
_a978-5-04-092940-5 _9300 |
||
| 021 |
_aRU _bКН-П-18-013504 _9КН-П-18-0974 |
||
| 035 | _a(NLR Aleph) 011664492 | ||
| 035 | _a(RuMoRGB)009617589 | ||
| 035 | _a(RuMoRGB)009554485 | ||
| 090 |
_a11200272 _c11200272 |
||
| 100 | _a20180326d2018 m y0rusy50 ca | ||
| 101 | 1 |
_arus _ceng |
|
| 102 | _aRU | ||
| 105 | _aa z 000gy | ||
| 200 | 1 |
_aMilk and honey _eбелые стихи, покорившие мир _fРупи Каур _g[пер. с англ. А. В. Мартыновой] |
|
| 210 |
_aМосква _cЭ _d2018 |
||
| 215 |
_a397, [1] с. _cил. _d20 |
||
| 225 | 1 | _aБестселлер New York Times | |
| 333 | _a18+ | ||
| 686 |
_aШ5(7Кан)164-65я44 _2rubbk |
||
| 686 | 1 | _aШ6(7К)167-5{Лх1960-18} | |
| 686 | 1 | _aШ6(7К)16-5{Лх1960-18} | |
| 686 | 2 | _aШ6(2=Р)8-57 | |
| 700 | 1 |
_7ca _8rus _aКаур _bР. _f1992- _gРупи _9186873 _3RU\NLR\AUTH\770186924 |
|
| 942 | _cBOOK | ||
| 980 | _aNBR | ||
| 980 | _aNB | ||